| 000 | 00450nam a22001937a 4500 | ||
|---|---|---|---|
| 003 | OSt | ||
| 005 | 20241120152138.0 | ||
| 008 | 241120b |||||||| |||| 00| 0 eng d | ||
| 040 | _cMRSPTU | ||
| 041 | _aENG | ||
| 082 |
_a363.720 _bBA-M |
||
| 100 | _aBandela N.N. | ||
| 245 | _aMunicipal Solid Waste Management | ||
| 250 | _aEd. 1st | ||
| 260 |
_aDelhi _b B.R. Pub. Corp. _c2009 |
||
| 300 | _a162 | ||
| 700 | _aTare D.G. | ||
| 942 |
_2ddc _cBK _n0 |
||
| 999 |
_c10457 _d10457 |
||